Normal view
MARC view
- Volker Klaus
Entry Personal Name
001 - CONTROL NUMBER
- control field: 32510
003 - CONTROL NUMBER IDENTIFIER
- control field: IT-RoPau
005 - DATE AND TIME OF LATEST TRANSACTION
- control field: 20140701095224.0
008 - FIXED-LENGTH DATA ELEMENTS
- fixed length control field: 140701|| aca||aabn | a|a d
040 ## - CATALOGING SOURCE
- Original cataloging agency: IT-RoPau
- Transcribing agency: IT-RoPau
100 ## - HEADING--PERSONAL NAME
- Personal name: Volker Klaus
- Dates associated with a name: Codice autore musica SPICS: 593
- Relator term: Autore musica
- Name of part/section of a work: Prince Igor
670 ## - SOURCE DATA FOUND
- Source citation: Work cat.: (IT-RoPau)99245: AA.VV. 794, Top of the Spot estate